000 01099nam1a2200289 4500
001 RU\NLR\BIBL_A\022499201
005 20250807185220.0
035 _a(NLR Aleph) 022499201
090 _a88677
_c88677
100 _a20250322d1941 a y0rusy50 ca
101 1 _adar
_crus
102 _aRU
105 _aa z 000ay
181 0 _ai
_baxxe
182 0 _an
200 1 _aШандан секьяйда чIумъабиуба
_eкIел бутIализибад биубси роман
_e[пер. с рус.]
_fН. Островский
203 _aТекст
_bвизуальный
_cнепосредственный
210 _aМахачкала
_cДаггосиздат
_d1941
215 _d21
541 1 _aКак закалялась сталь
_zrus
689 1 _aШ9(2)672=Да(Р)-4
700 1 _aОстровский
_bН. А.
_f1904-1936
_gНиколай Алексеевич
_3RU\NLR\AUTH\7719024
_4070
852 _aNLR
_bОНЛ
_jДарг./3-143
942 _cBOOK
945 _aРоссийская национальная библиотека
980 _aBV